• 首页
  • 本馆介绍
  • 公告通知
  • 最新文献
  • 馆藏检索
  • 电子资源
  • 读者导购
  • 参考咨询
  • 我的图书馆
  • 登录
  • 详细信息显示
  • 放入我的书架
  • 预约/预借图书
  • 作者相关作品
  • 分类相关作品
  • 丛书相关作品
  • 出版社相关作品

书目信息

  • 表格格式
  • 工作单格式
  • 卡片格式
题名:
美国通史简编
    
 
作者: 黄绍湘 著
分册:  
出版信息: 北京   人民出版社  1979.12
页数: 823页
开本: 20cm
丛书名:
单 册:
中图分类: K712.0
科图分类:
主题词: 美国--通史
电子资源:
ISBN:
000 00548nam0 2200205 45
001 0309221555
005 20041208161313.5
010    @dCNY2.95
091    @a11001.376
100    @a20030922d1979 km y0chiy0120 ea
101 0  @achi
105    @aa z 000yy
200 1  @a美国通史简编@AMei Guo Tong Shi Jian Bian@f黄绍湘著@FHuang Shao Xiang Zhu
210    @a北京@c人民出版社@d1979.12
215    @a823页@c照片@d20cm
606 0  @a美国@x通史
690    @aK712.0@v3
701  0 @a黄绍湘@4著
801    @aCN@bTSTC@c20030923
905    @dK712.0@e2@f1@b173305
    
    美国通史简编/黄绍湘著.-北京:人民出版社,1979.12
    823页:照片;20cm
    
    
    ISBN :CNY2.95
    
●
相关链接 在E读中查询图书 在五车中查询图书 在当当中查询图书 在豆瓣中查询图书


正题名:美国通史简编     索取号:K712.0/2         预约/预借

序号 登录号 条形码 馆藏地/架位号 状态 备注
1 0173305   001413287   密集书库/ [索取号:K712.0/2] 在馆    
唐山师范学院图书馆 欢迎您!
大连网信软件有限公司© 版权所有